Normal view
MARC view
Entry Personal Name
001 - CONTROL NUMBER
- control field: 64106
003 - CONTROL NUMBER IDENTIFIER
- control field: dpl
005 - DATE AND TIME OF LATEST TRANSACTION
- control field: 20240401161701.0
008 - FIXED-LENGTH DATA ELEMENTS
- fixed length control field: 240401|| aca||aabn | a|a d
040 ## - CATALOGING SOURCE
- Original cataloging agency: dpl
- Transcribing agency: dpl
100 ## - HEADING--PERSONAL NAME
- Personal name: शुनम्यो मसुनो
670 ## - SOURCE DATA FOUND
- Source citation: Work cat.: (dpl)201857: शुनम्यो मसुनो , चिंता छोड़े;शांति प्राप्त करने के 48 सबक/, 2022
